Central Library OPAC University of Rajshahi

Religion and politics in Pakistan / (Record no. 27477)

MARC details
000 -LEADER
fixed length control field 00845cam a2200265 a 4500
001 - CONTROL NUMBER
control field 27477
003 - CONTROL NUMBER IDENTIFIER
rucl marc code BD-RjUL
005 - DATE AND TIME OF LATEST TRANSACTION
control field 20211209051147.0
008 - FIXED-LENGTH DATA ELEMENTS--GENERAL INFORMATION
fixed length control field 140325s19631961cau b 001 0 eng d
035 ## - SYSTEM CONTROL NUMBER
System control number (BD-RjUL)27551
040 ## - CATALOGING SOURCE
Original cataloging agency DLC
Transcribing agency DLC
Modifying agency BD-RjUL
Language of cataloging eng
041 ## - LANGUAGE CODE
Language code of text/sound track or separate title eng
082 ## - DEWEY DECIMAL CLASSIFICATION NUMBER
Classification number 297.1977095491
Author mark and year BIR 1963
100 1# - MAIN ENTRY--PERSONAL NAME
Personal name Binder, Leonard.
9 (RLIN) 53774
245 10 - TITLE STATEMENT
Title Religion and politics in Pakistan /
Statement of responsibility, etc. by Leonard Binder.
260 ## - PUBLICATION, DISTRIBUTION, ETC. (IMPRINT)
Place of publication, distribution, etc. Berkeley :
Name of publisher, distributor, etc. University of California,
Date of publication, distribution, etc. 1961 [2nd. Printing 1963].
300 ## - PHYSICAL DESCRIPTION
Pagination xviii, 440 p. ;
Size 23 cm.
504 ## - BIBLIOGRAPHY, ETC. NOTE
Bibliography, etc Includes bibliographical references and index.
650 #0 - SUBJECT ADDED ENTRY--TOPICAL TERM
Topical term or geographic name as entry element Islam and politics
Geographic subdivision Pakistan.
9 (RLIN) 84415
Topical term or geographic name as entry element Islam and state
Geographic subdivision Pakistan.
9 (RLIN) 82074
651 #0 - SUBJECT ADDED ENTRY--GEOGRAPHIC NAME
Geographic name Pakistan
General subdivision Politics and government.
9 (RLIN) 84416
942 ## - ADDED ENTRY ELEMENTS (KOHA)
Source of classification or shelving scheme Dewey Decimal Classification
Koha item type Books
Holdings
Lost status Source of classification or shelving scheme Damaged status Not for loan Collection code Permanent Location Current Location Shelving location Date acquired Source of acquisition Cost, normal purchase price Total Checkouts Full call number Date last seen Copy number Koha item type
  Dewey Decimal Classification   Added to bundle Non-fiction Central Library, University of Rajshahi Central Library, University of Rajshahi Reading Room 21/01/1967 Sh.M.Ashraf, Lahore 37.50   297.1977095491 BIR 1963 25/03/2014 C-1 Books
  Dewey Decimal Classification     Non-fiction Central Library, University of Rajshahi Central Library, University of Rajshahi   11/05/1965 Zeitlinger 60.00   297.1977095491 BIR 1963 25/03/2014 C-4 Books
  Dewey Decimal Classification     Non-fiction Central Library, University of Rajshahi Central Library, University of Rajshahi   25/05/1965 Zeitlinger 60.00   297.1977095491 BIR 1963 25/03/2014 C-5 Books